Statistiques concernant Vainqueurs de Wimbledon selon la photo

Cliquez ici pour prendre le quiz!

Statistiques générales

  • Ce quiz a été pris 54 fois
  • Le résultat moyen est 10 sur 15

Statistiques - réponses

Réponse% Correct
Novak Djokovic
100%
Roger Federer
100%
Rafael Nadal
98%
Andy Murray
92%
Björn Borg
88%
Pete Sampras
84%
John McEnroe
78%
Boris Becker
65%
Stefan Edberg
63%
Jimmy Connors
55%
Goran Ivanisevic
51%
Lleyton Hewitt
45%
Rod Laver
43%
John Newcombe
31%
Stan Smith
24%

Distribution des résultats

Percentile par nombre de réponses

% des personnes avec chaque résultat

Votre développement - résultats

Vous n’avez pas pris ce quiz